| 000 | 00620cam a22002171 4500 | ||
|---|---|---|---|
| 001 | sa 63000691 | ||
| 003 | DLC | ||
| 005 | 20260227111922.0 | ||
| 008 | 850910s1962 ii 000 0 eng | ||
| 010 | _asa 63000691 | ||
| 025 | _aPL480:I-E-681 | ||
| 035 | _a(OCoLC)12534829 | ||
| 040 |
_aDLC _cKyU _dDLC |
||
| 050 | 0 | 0 |
_aPE3501 _b.R26 |
| 100 | 1 |
_aRajagopalachari, C. _q(Chakravarti), _d1878-1972. |
|
| 245 | 1 | 4 | _aThe question of English. |
| 260 |
_aMadras, _bBharathan Publications _c[1962] |
||
| 300 |
_a82 p. _c22 cm. |
||
| 650 | 0 |
_aEnglish language _zIndia. |
|
| 650 | 0 |
_aEnglish language _xPolitical aspects _zIndia. |
|
| 999 |
_c53576 _d53576 |
||